Football players who have played for Chelsea and Dortmund - Statistics

General Stats
  • This quiz has been taken 24 times
  • The average score is 6 of 9
Answer Stats
Years at Chelsea Years at Dortmund Player % Correct
2024-2025 (loan) 2017-2021,2024 (loan) Jadon Sancho
91%
2019-2023 2016-2019,2019 (loan) Christian Pulišić
77%
2022-2023 2013-2018 Pierre-Emerick Aubameyang
73%
2025-present 2022-2025 Jamie Gittens
68%
2013-2015 2016-2020 Andre Schürrle
59%
2022-2025 2025 (loan),2025-present Carney Chukwuemeka
59%
2024-present 2025-2026 (loan) Aaron Anselmino
55%
2019-2024 2024 (loan) Ian Maatsen
50%
2016-2022 2018 (loan) Michy Batshuayi
36%
No matching quizzes found
Score Distribution
Percent of People with Each Score
Percentile by Number Answered
Your Score History
You have not taken this quiz